| 000 | 00568nam a22002057a 4500 | ||
|---|---|---|---|
| 005 | 20220707131732.0 | ||
| 008 | 220706b ||||| |||| 00| 0 eng d | ||
| 040 | _cAloy | ||
| 041 | _aeng | ||
| 082 |
_223 _a146.3 _bKOLM |
||
| 100 |
_aLeszek Kolakowski _947508 |
||
| 245 | _aMarxism and beyond | ||
| 260 |
_aLondon: _bGranada Publishing Ltd _c1974 |
||
| 300 |
_a237p. _bPB _c19x11cm. |
||
| 650 |
_aPhilosophy _947155 |
||
| 650 |
_aCommunist Movement _947156 |
||
| 700 |
_aKOLAKOWSKI (Leszek) _947157 |
||
| 700 |
_aPEEL (Jane Zielonko) Tr _947509 |
||
| 942 |
_2ddc _cGF |
||
| 999 |
_c223608 _d223608 |
||